000 00610 a2200169 4500
999 _c3182
_d3182
020 _a8175543418
050 _aHD59 HEN 2003
100 _aHenslowe, Philip
_eauthor
245 _aPublic relations :
_ba practical guide to the basics /
_cPhilip Henslowe
264 _aNew Dehli :
_bKogan Page,
_c2003
300 _aviii,152p. :
_bill.
440 _aPR in practice series
500 _aIncludes bibliographical references (p. 107-108) and index
650 _aPublic relations
_xHandbooks, manuals etc
650 _aPublic relations -- Great Britain
_xHandbooks, manuals etc
942 _2lcc
_cBK
_e2nd ed.
_h59
_iHEN
_kHD